000 00973cam a2200265 4500
001
008 030317n1992 000 0 eng u
020 _a0117518212
035 _a(Sirsi) u121635
050 _a692.2
_c18
110 _aUnited Kingdom
_bOffice of the Deputy Prime Minister
240 _aApproved Document D
240 _aPart D
245 _aBuilding Regulations 1991 : toxic substances. Approved Document D
250 _a1992 ed.
260 _aNorwich
_bTSO
_c1992
520 _aView at www.safety.odpm.gov.uk.
650 _aBUILDING REGULATIONS 1991
650 _aCAVITY WALL INSULATION
650 _aBUILDING REGULATIONS 1991 APPROVED DOCUMENT D (1992 EDITION)
650 _aUREA-FORMALDEHYDE FOAM
690 _aBUILT ENVIRONMENT-BUILDING STANDARDS
856 _uhttps://webarchive.nationalarchives.gov.uk/+/http://www.communities.gov.uk/index.asp?id=1130549
_vView the item on the webarchive.nationalarchives.gov.uk website.
942 _n0
999 _c102686
_d102686